Responses for Show #3885 - Friday, June 22, 2001

Lan Djang game 3.

Contestants

[<< previous game]

Lisa Karahalios, a history teacher originally from Lewiston, Maine

David Benz, a writer from Culver City, California

Lan Djang, a business analyst from Toronto, Ontario (whose 2-day cash winnings total $20,800)

[next game >>]

Jeopardy! Round responses

EUROPEAN GEOGRAPHY
ANIMALS OF BASEBALL
HAPPY, SLAPPY OR PAPPY
THE 1920s
IN OTHER WORDS
JEOPARDY! PLACE
    $100 6
(Great) Britain

Lan
    $100 17
"Bull"

Lan
    $100 11
Happy

David
    $100 1
baby food

Lan
    $100 16
(Lisa: What is Rome?)
(David: What is every road leads to Rome?)

all roads lead to Rome

LanDavidLisa
    $100 26
Tehran

David
    $200 7
the Matterhorn

Lan
    $200 18
Orel Hershiser

Lan
    $200 12
(David: Who is Slappy?)

Pappy

DavidLisa
    $200 2
The Sheik

Lisa
    $200 22
(Alex: Usually it's you can't teach an old dog new tricks, but you must have a stupid dog. You can't even teach him one.)

you can't teach an old dog a new trick

David
    $200 27
the New York Yankees

Lan
    $300 8
Greece

Lisa
    $300 19
(Lan: What is buck?)

moose

Lan
Triple Stumper
    $300 13
Slappy White

Lisa
    $300 3
evolution

Lisa
    $300 23
(Lan: What is too many cooks spoil the soup?)

too many cooks spoil the broth

LanLisa
    $400 9
Volga

Lan
    $400 20
(David: What is "The Duck"?)

"The Penguin"

David
Triple Stumper
    $400 14
Pappy

David
    $500 4
(Lisa: What is Annapolis, Maryland?)

Baltimore

Lisa
    $400 24
an apple a day keeps the doctor away

Lisa
    $500 10
Jutland

David
    $500 21
Mark Fidrych

Triple Stumper
    $500 15
Happy

Lisa
    $500 5
zipper

Lan
    $500 25
old soldiers never die, they just fade away

Lisa
    $500 28
[The end-of-round signal sounds.]

a bayonet

Lan

Scores at the first commercial break (after clue 15):

Lan David Lisa
$1,300 $800 $1,300

Scores at the end of the Jeopardy! Round:

Lan David Lisa
$1,800 $600 $2,400

Double Jeopardy! Round responses

CONSTELLATIONS
A TIM BURTON FILM FESTIVAL
PURR-FECT BOOKS
NOTORIOUS
SECRETARIES OF DEFENSE
“WH”AT IS IT?
    $200 1
Orion

Lan
    $200 2
(Michael) Keaton

Lisa
    $200 17
Socks

Lisa
    $200 5
Charles Manson

Lan
    $200 28
(Alex: Which one?)
(David: George Herbert, the first [*], [*] Senior.)
(Alex: George Herbert Walker [*]. George Senior. Dad.)

Bush

David
    $200 14
whistle

Lisa
    $400 3
arrow

Lisa
    $400 10
Planet of the Apes

David
    $400 18
The Cat in the Hat Comes Back

Lisa
    $400 6
Saddam Hussein

Lan
    $400 15
whiskey

David
    $600 4
Andromeda

Lan
    $600 12
(Lan: Who is Johnny Depp?)

Vincent Price

LanLisa
    $600 19
The Incredible Journey

Lisa
    $600 7
Lyle & Eric Menendez

Lan
    $600 16
(David: Who is JFK?)
(Lan: Who is Nixon?)

LBJ

LanDavid
Triple Stumper
    $600 24
whim

Lisa
    $2,400 13
(Lisa: What is the Big Dipper?)

Corona Borealis

Lisa
    $800 25
Danny Elfman

Lan
    $800 20
(James) Herriot

David
    $800 8
Osama Bin Laden

Lan
    $800 27
(Lisa: Who is Kennedy?)
(David: Who is Eisenhower?)

Richard Nixon

DavidLisa
Triple Stumper
    $800 23
whirlybird

Lisa
    $1000 11
unicorn

Lan
    $1000 26
The Nightmare Before Christmas

Lan
    $1000 21
(David: Who is Jellicle?)

Macavity

David
Triple Stumper
    $1000 9
(Alex: [*], convicted of kidnapping the Lindbergh baby.)

Bruno Richard Hauptmann

Lan
    $600 22
Whitehorse

David

Scores at the end of the Double Jeopardy! Round:

Lan David Lisa
$7,200 $600 $3,200
(lock game)

[wagering suggestions for these scores]

Final Jeopardy! Round responses

ORGANIZATIONS
DavidWhat is?
$600
LisaWhat is at least I won a trip!
$7
LanWhat is the Cotton Club?
$700
Friars' Club

Final scores:

Lan David Lisa
$6,500 $0 $3,193
3-day champion: $27,300 3rd place 2nd place

Game dynamics:

Coryat scores:

Lan David Lisa
$7,200 $1,000 $6,100
20 R,
4 W
10 R
(including 1 DD),
6 W
18 R,
4 W
(including 2 DDs)

Combined Coryat: $14,300

[game clues] [game scores] [suggest correction]

Game tape date: 2001-02-28
The J! Archive is created by fans, for fans. Scraping, republication, monetization, and malicious use prohibited; this site may use cookies and collect identifying information. See terms. The Jeopardy! game show and all elements thereof, including but not limited to copyright and trademark thereto, are the property of Jeopardy Productions, Inc. and are protected under law. This website is not affiliated with, sponsored by, or operated by Jeopardy Productions, Inc. Join the discussion at JBoard.tv.